Most expensive teams at the World Cup Qatar 2022 - Statistics

General Stats
  • This quiz has been taken 1,208 times
  • The average score is 13 of 32
Answer Stats
Hint Answer % Correct
1,26 billion euro England
98%
1,14 billion euro Brazil
92%
1,03 billion euro France
91%
937 million euro Portugal
76%
902 million euro Spain
76%
633,20 million euro Argentina
71%
885,50 million euro Germany
71%
587,25 million euro Netherlands
62%
563,20 million euro Belgium
60%
14,90 million euro Qatar
48%
377 million euro Croatia
45%
449,70 million euro Uruguay
43%
277,40 million euro USA
35%
359,50 million euro Serbia
31%
353 million euro Denmark
29%
251,10 million euro Morocco
29%
25,20 million euro Saudi Arabia
29%
255,60 million euro Poland
27%
281 million euro Switzerland
27%
154 million euro Japan
26%
288 million euro Senegal
25%
187,30 million euro Canada
24%
18,75 million euro Costa Rica
24%
176,10 million euro Mexico
24%
38,40 million euro Australia
23%
59,53 million euro Iran
23%
164,48 million euro South Korea
23%
146,50 million euro Ecuador
19%
216,90 million euro Ghana
19%
160,15 million euro Wales
18%
155 million euro Cameroon
17%
62,40 million euro Tunisia
17%
No matching quizzes found
Score Distribution
Percent of People with Each Score
Percentile by Number Answered
Your Score History
You have not taken this quiz